000
00277nam a22001217a 4500
008
180921b xxu||||| |||| 00| 0 eng d
041
_a
eng
080
_a
618
100
_a
10
101
_a
GJI
245
_a
Clinical Obstetrics And Gynecology
_c
Soules,M,R
942
_2
udc
_c
BK
999
_c
48152
_d
48152